000 00677cam a2200253Ki 4500
999 _c5730
_d5730
001 ocm27923415
003 OCoLC
005 20200814173459.0
008 930415s1988 enk 000 0 eng d
020 _a0198813015
020 _a9780198813019
029 1 _aGBVCP
_b211325244
035 _a(OCoLC)27923415
040 _aAUH
_beng
_cAUH
_dOCLCQ
_dOCLCG
_dGBVCP
_dOCLCQ
_dOCLCF
_dOCLCO
_dOCLCQ
049 _aTZAA
050 4 _aJC578
_b.R38
100 1 _aRawls, John,
_d1921-2002.
_95030
245 1 2 _aTheory of justice.
260 _aOxford :
_bOxford University Press,
_c1988.
300 _a607 pages
650 0 _aJustice.
650 7 _aJustice.
_2fast
942 _2lcc
_cBOOK